| 000 | 00412 a2200121 4500 | ||
|---|---|---|---|
| 082 | _aMIT-1 | ||
| 100 | _aRamla Ahmad | ||
| 245 |
_aWavelength Assignment using Closest Wavelength Tuning Algorithm _cRamla Ahmad |
||
| 260 |
_a Islamabad, _bNUST School of Electrical Engineering & Computer Science, _c 2004. |
||
| 300 |
_a xi, 66 p. : _bill. ; _c27 cm. |
||
| 500 | _aSupervisor : Dr. S M H Zaidi. | ||
| 942 |
_cPR _kMIT-1 RAM |
||
| 999 |
_c9180 _d9180 |
||